000
00233 a2200097 4500
001
47900
100
_a
Hudson G F
245
_a
The For East in World Politics
260
_a
London
_b
Oxford University Press
_c
090
_c
30895
_d
30895
942
_a
NUST-CAE
_c
M
_c
23219
999
_c
282973
_d
282973